000 01028cam a22002891 4500
001 20542
003 BD-RjUL
005 20211209000559.0
008 140301s1883 enka 000 1deng
035 _a(BD-RjUL)20604
035 _a(OCoLC)2661219
040 _aDLC
_cFTS
_dBD-RjUL
_beng
041 _aeng
082 0 0 _a826.8
_bCAL V-1 1883
100 1 _aCarlyle, Jane Welsh,
_d1801-1866.
_963386
245 1 0 _aLetters and memorials of Jane Welsh Carlyle /
_cPrepared for publication by Thomas Carlyle. Ed. by James Anthony Froude.
_nvol. I
260 _aLondon :
_bLongmans, Green,
_c1883.
300 _avi, 397 p. ;
_c22 cm.
600 1 0 _aCarlyle, Jane Welsh,
_d1801-1866
_963395
650 0 _aWomen intellectuals
_zGreat Britain
_vCorrespondence.
_963388
650 0 _aAuthors' spouses
_zGreat Britain
_vCorrespondence.
_963389
700 1 _aCarlyle, Thomas,
_d1795-1881,
_eed.
_963390
700 1 _aFroude, James Anthony,
_d1818-1894,
_eed.
_959401
942 _2ddc
_cBK
999 _c20542
_d20542